00428 2200169 4500001002100000008004100021035002000062245006100082100002000143250000600163260002900169300001200198084001400210082000800224650001400232990001200246INLIS000000000001045 ind  a0010-0524000280 aGemar Rapi; Metode Berbenahnya IndonesiacKhoirun Nikmah aNikmah, Khoirun a1 aBandung :bBentangc2019 a186 hlm a300 KHO g a300 aNon Fiksi a0744023